MY PRE-SCHOOL BOOK OF GOOD MANNERS (Record no. 4684)
[ view plain ]
| 000 -LEADER | |
|---|---|
| fixed length control field | 00283nam a22001217a 4500 |
| 020 ## - INTERNATIONAL STANDARD BOOK NUMBER | |
| ISBN | 81-8388-319-2 |
| 082 ## - DEWEY DECIMAL CLASSIFICATION NUMBER | |
| Classification number | 000 |
| Item number | SPI/G |
| 100 ## - MAIN ENTRY--AUTHOR NAME | |
| Personal name | SPIDER BOOKS |
| 245 ## - TITLE STATEMENT | |
| Title | MY PRE-SCHOOL BOOK OF GOOD MANNERS |
| 260 ## - PUBLICATION, DISTRIBUTION, ETC. (IMPRINT) | |
| Place of publication | CHENNAI |
| Name of publisher | SPIDER BOOKS |
| 650 ## - SUBJECT ADDED ENTRY--TOPICAL TERM | |
| Topical Term | PICTURE BOOK |
| Geographic subdivision | INDIA |
| 942 ## - ADDED ENTRY ELEMENTS (KOHA) | |
| Koha item type | Books |
| Withdrawn status | Lost status | Collection code | Home library | Current library | Shelving location | Date acquired | Source of acquisition | Cost, normal purchase price | Full call number | Accession Number | Koha item type |
|---|---|---|---|---|---|---|---|---|---|---|---|
| Reference | Main Library | Main Library | SHELF 15A- T SECTIO NOVELS& FICTION & LEAFLET BOOKS | 04/05/2011 | purchase | 25.00 | 000 SPI/G | 05262 | Books |